00663nam a22001937a 4500008004000000020003300040020002700073050002100100100002100121245006900142250001100211260005500222300002000277440005600297500004100353504003400394650001100428700003000439120618t mx||||| |||| 00| 0 spa d a9681652150 (Pasta rústica) a968162761X (Empastada)04aJC311 bC43 19971 aChabod, Federico13aLa idea de nación /cFederico Chabod ; tr. Stella Mastrangelo a1a ed. aMéxico : bFondo de Cultura Económica, cr1997 a237 p. c18 cm. 08Breviario del Fondo de Cultura Económica ; v453 aTraducción de : L' idea di nazione aIncluye : Apendice e índice 4aEstado1 aMastrangelo, Stela, qtr.